Statistics for top 10 most visited countries in the Americas

Click here to take the quiz!

General Stats

  • This quiz has been taken 23 times
  • The average score is 9 of 10

Answer Stats

HintAnswer% Correct
6 millionArgentina
100%
6.4 millionBrazil
100%
16.5 millionCanada
100%
3.6 millionChile
100%
30 millionMexico
100%
3.2 millionPeru
100%
75 millionUnited States
100%
2.6 millionColumbia
95%
5 millionDominican rep
73%
3.2 millionPuerto Rico
14%

Score Distribution

Percentile by Number Answered

Percent of People with Each Score

Your Score History

You have not taken this quiz